In Praise of Penumbra / (Record no. 609526)

000 -LEADER
fixed length control field 02213 a2200313 i 4500
001 - CONTROL NUMBER
control field 265283478
003 - CONTROL NUMBER IDENTIFIER
control field MePoLT
005 - DATE AND TIME OF LATEST TRANSACTION
control field 20240610101840.0
020 ## - INTERNATIONAL STANDARD BOOK NUMBER
International Standard Book Number 9781119983965
038 ## - RECORD CONTENT LICENSOR
Staff Name Malang Jan
040 ## - CATALOGING SOURCE
Original cataloging agency MePoLT
Transcribing agency MePoLT
Description conventions rda
082 ## - DEWEY DECIMAL CLASSIFICATION NUMBER
Classification number 724.7
Author Mark PRA
090 #4 - LOCALLY ASSIGNED LC-TYPE CALL NUMBER (OCLC); LOCAL CALL NUMBER (RLIN)
Classification number (OCLC) (R) ; Classification number, CALL (RLIN) (NR) NA500.D476
245 00 - TITLE STATEMENT
Title In Praise of Penumbra /
Statement of responsibility, etc. edited by Agostino De Rosa,Alessio Bortot & Francesco Bergamo
264 #1 - PRODUCTION, PUBLICATION, DISTRIBUTION, MANUFACTURE, AND COPYRIGHT NOTICE
Place of production, publication, distribution, manufacture London:
Name of producer, publisher, distributor, manufacturer John Wiley & Sons;
Date of production, publication, distribution, manufacture, or copyright notice 2023.
300 ## - PHYSICAL DESCRIPTION
Extent 136 p.:
Other physical details ill;
Dimensions 27cm.
440 10 - SERIES STATEMENT/ADDED ENTRY--TITLE
Title Architectural design
9 (RLIN) 33235
490 10 - SERIES STATEMENT
Series statement Architectural design
Volume/sequential designation vol:93,no:04
505 ## - FORMATTED CONTENTS NOTE
Formatted contents note Chapter 1 Introduction A Eulogy to Penumbra -- Chapter 2 At the Edges of Transparent Language-- Chapter 3 Eden to Eden: At the Dawn of the Name -- Chapter 4 ‘In the Womb Yet Out-of-Doors’: Penumbra and the Spaces In-Between -- Chapter 5 The Warmth of Death: Alexander Brodsky and the Necropolis in the Womb of the Metropolis -- Chapter 6 A Path to the Light: Variations and Multiple Dimensions -- Chapter 7 Charged Space: The Anatomy of the In-between -- Chapter 8 Efficiency Versus Game: Twilight Spaces for Homo Ludens -- Chapter 9 Seeking the Almost: Designing Shade -- Chapter 10 Rhythmic Alternation: Metaphors of Light, Dark and Shadow -- Chapter 11 The Intimacy of Neglect: Thresholds, Interconnectedness and Unexpected Glimpses -- Chapter 12 As If Without Time: The Nuclear Twilight Zone -- Chapter 13 Things In Themselves: The X-Ray and Its Embodied Space -- Chapter 14 Projecting the Indeterminate and Enigmatic: The Painting of Marco Tirelli -- Chapter 15 Subliminal Blueprints for Other Dimensions: The Time-warped Sanatorium of the Quay Brothers -- Chapter 16 From Another Perspective – The Shadowy World of Domesticity Contributors About Architectural Design
520 ## - SUMMARY, ETC.
Summary, etc. In Praise of Penumbra (Architectural Design) by Agostino De Rosa (2023)
650 ## - SUBJECT ADDED ENTRY--TOPICAL TERM
Topical term or geographic name entry element Architecture, Modern
9 (RLIN) 32028
650 ## - SUBJECT ADDED ENTRY--TOPICAL TERM
Topical term or geographic name entry element Ombres en architecture
9 (RLIN) 123389
650 ## - SUBJECT ADDED ENTRY--TOPICAL TERM
Topical term or geographic name entry element Shades and shadows in architecture
9 (RLIN) 123390
700 1# - ADDED ENTRY--PERSONAL NAME
Personal name De Rosa,Agostino
9 (RLIN) 123296
700 1# - ADDED ENTRY--PERSONAL NAME
Personal name Bortot,Alessio
9 (RLIN) 123297
700 1# - ADDED ENTRY--PERSONAL NAME
Personal name Bergamo,Francesco
9 (RLIN) 123298
942 ## - ADDED ENTRY ELEMENTS (KOHA)
Source of classification or shelving scheme
Koha item type Book
Holdings
Withdrawn status Lost status Source of classification or shelving scheme Damaged status Not for loan Permanent Location Current Location Date acquired Source of acquisition Total Checkouts Full call number Barcode Date last seen Copy number Cost, replacement price Price effective from Koha item type
          School of Art Design and Architecture (SADA) School of Art Design and Architecture (SADA) 06/03/2024 Golden Books   724.7 PRA 2023 SADA0003039 06/06/2024 01 11016.71 06/06/2024 Book
© 2023 Central Library, National University of Sciences and Technology. All Rights Reserved.